Adrenalínové aktivity - špeciálny motív v cestovnom ruchu diplomová práca

Uložené v:
Podrobná bibliografia
Hlavný autor: Olexová, Romana, 1987-
Korporativný autor: Obchodná fakulta EU. Katedra služieb a cestovného ruchu - zrušené
Ďalší autori: Litomerický, Juraj
Médium: Kniha
Jazyk:Slovak
Vydavateľské údaje: Bratislava 2010
Tagy: Pridať tag
Žiadne tagy, Buďte prvý, kto otaguje tento záznam!

MARC

LEADER 00000nam$a2200000$$$4500
001 0118619
005 20240318121643.2
041 0 |a slo 
044 |a SK 
245 1 0 |a Adrenalínové aktivity - špeciálny motív v cestovnom ruchu  |b diplomová práca  |c Romana Olexová ; škol. Juraj Litomerický 
264 1 |a Bratislava  |c 2010 
300 |a 121 s. 
100 1 |a Olexová, Romana, 1987- 
700 1 |a Litomerický, Juraj 
710 2 |a Obchodná fakulta EU. Katedra služieb a cestovného ruchu - zrušené